| 000 | 00378nam a2200145Ia 4500 | ||
|---|---|---|---|
| 008 | 230711s9999||||xx |||||||||||||| ||und|| | ||
| 041 | _aENG | ||
| 082 |
_a4 _bCA-B |
||
| 100 | _aCamp James L | ||
| 245 | 0 | _aBusiness system for micro computer | |
| 250 | _a1st | ||
| 260 |
_c1988 _aNew Delhi _bPrentice-Hall of India Private Limited |
||
| 650 | _aComputer Engineering | ||
| 942 | _cBK | ||
| 999 |
_c1231 _d1231 |
||